| 000 | 00722nam a2200253 a 4500 | ||
|---|---|---|---|
| 999 |
_c4481 _d4481 |
||
| 001 | 11496261 | ||
| 003 | OSt | ||
| 005 | 20181206160713.0 | ||
| 008 | 840314s1984 mnu b 000 0 eng | ||
| 010 | _a84070726 | ||
| 020 | _a0087124378 (pbk.) | ||
| 040 |
_aDLC _cDLC _dBSC |
||
| 082 |
_a230 _bJ54P |
||
| 092 |
_a230.580924 _bF514j |
||
| 100 | 1 | _aJepson, J. W. | |
| 245 | 1 | 0 |
_aDon't blame it all on Adam / _cJ.W. Jepson. |
| 260 |
_aMinneapolis, Minn. : _bBethany House Publishers, _cc1984. |
||
| 300 |
_a126 p. ; _c21 cm. |
||
| 504 | _aBibliography: p. 124-126. | ||
| 600 | 1 | 0 |
_aFinney, Charles Grandison, _d1792-1875. |
| 650 | 0 |
_aTheology, Doctrinal _xPopular works. |
|
| 650 | 0 | _aChristian ethics. | |
| 942 |
_2ddc _cBK |
||